| 000 | 00626nam a2200241Ia 4500 | ||
|---|---|---|---|
| 003 | OSt | ||
| 005 | 20230511143140.0 | ||
| 008 | 210423s2014 xx 000 0 und d | ||
| 020 | _a978-81-265-1702-2 | ||
| 040 | _cAL | ||
| 041 | _aeng | ||
| 082 | _a537.622 SZEP | ||
| 100 |
_aSZE (S M);NG (Kwok K) _9103228 |
||
| 245 | _aPhysics of semiconductor devices Ed 3 | ||
| 250 | _a3 | ||
| 260 |
_aNew Delhi _bWiley and Sons _c2014 |
||
| 300 |
_ax,815p _bPB |
||
| 365 |
_b639 _cINR |
||
| 650 |
_aElectricity _9103229 |
||
| 650 |
_aPhysics _9103230 |
||
| 906 | _a3 ; devices ; Ed ; Physics ; semiconductor | ||
| 942 |
_2ddc _cBK |
||
| 999 |
_c166025 _d166025 |
||